Child psychology : the modern science /

Guardado en:
Detalles Bibliográficos
Autor principal: Vasta, Ross.
Formato: Libro
Lenguaje:English
Publicado: New York : John Wiley and Sons, 1999.
Edición:3rd ed.
Materias:
Etiquetas: Agregar Etiqueta
Sin Etiquetas, Sea el primero en etiquetar este registro!
Thư viện lưu trữ: Mạng thư viện Đại học Đà Nẵng
LEADER 00806cam a2200325 i 4500
001 000045145
003 4272
005 20030225161634.0
008 010220|1999 vm 000 eng
020 |a 047119221X 
040 |a IRC  |c IRC  |d IRC 
041 0 |a eng 
082 1 4 |a 155.4  |b VA-R 
100 1 |a Vasta, Ross. 
245 0 0 |a Child psychology :  |b the modern science /  |c Ross Vasta. 
250 |a 3rd ed. 
260 |a New York :  |b John Wiley and Sons,  |c 1999. 
300 |a xxvi, 657, [113]p. :  |b ill. 
630 0 4 |a Psychology. 
650 0 4 |a Child psychology. 
OWN |a DUT 
999 |a From the UDN01 
TYP |a Monograph 
TYP |a Printed language 
980 |a Mạng thư viện Đại học Đà Nẵng